000
00303nam a22001337a 4500
020
_q
PB.
040
_c
FIZZA ISHAQ
082
_a
005.113
_b
ROS
100
_a
BERRY, ROSEN.
_9
89337
245
_a
UNDERSTANDING DCE /
_c
ROSEN BERRY.
260
_b
O'REILLY,
_c
1992.
300
_a
238 P. ;
942
_2
ddc
_c
BK
999
_c
588104
_d
588104